<?xml version="1.0" encoding="UTF-8"?>
<record
    xmlns:xsi="http://www.w3.org/2001/XMLSchema-instance"
    xsi:schemaLocation="http://www.loc.gov/MARC21/slim http://www.loc.gov/standards/marcxml/schema/MARC21slim.xsd"
    xmlns="http://www.loc.gov/MARC21/slim">

  <leader>00409nam a22001577a 4500</leader>
  <controlfield tag="003">OSt</controlfield>
  <controlfield tag="005">20240430111249.0</controlfield>
  <controlfield tag="008">240430b        |||||||| |||| 00| 0 eng d</controlfield>
  <datafield tag="020" ind1=" " ind2=" ">
    <subfield code="a">9789332549371</subfield>
  </datafield>
  <datafield tag="040" ind1=" " ind2=" ">
    <subfield code="c">IIMT UNIVERSITY</subfield>
  </datafield>
  <datafield tag="100" ind1=" " ind2=" ">
    <subfield code="a"> Michael L Shuler, Fikret Kargi</subfield>
  </datafield>
  <datafield tag="245" ind1=" " ind2=" ">
    <subfield code="a">Bioprocess Engineering Basic Concepts </subfield>
  </datafield>
  <datafield tag="260" ind1=" " ind2=" ">
    <subfield code="a">NEW DELHI</subfield>
    <subfield code="b">PEARSON INDIA</subfield>
    <subfield code="c">2024</subfield>
  </datafield>
  <datafield tag="300" ind1=" " ind2=" ">
    <subfield code="a">553</subfield>
  </datafield>
  <datafield tag="942" ind1=" " ind2=" ">
    <subfield code="2">ddc</subfield>
    <subfield code="c">02</subfield>
  </datafield>
  <datafield tag="999" ind1=" " ind2=" ">
    <subfield code="c">58741</subfield>
    <subfield code="d">58741</subfield>
  </datafield>
  <datafield tag="952" ind1=" " ind2=" ">
    <subfield code="0">0</subfield>
    <subfield code="1">0</subfield>
    <subfield code="2">ddc</subfield>
    <subfield code="4">0</subfield>
    <subfield code="7">0</subfield>
    <subfield code="a">01</subfield>
    <subfield code="b">01</subfield>
    <subfield code="d">2024-04-30</subfield>
    <subfield code="e">ARISTA</subfield>
    <subfield code="f">BIOTECH</subfield>
    <subfield code="g">905.00</subfield>
    <subfield code="i">HO/IN/17,,25-04-2024</subfield>
    <subfield code="p">01-B-141644</subfield>
    <subfield code="r">2024-04-30</subfield>
    <subfield code="u">Biotechnology</subfield>
    <subfield code="w">2024-04-30</subfield>
    <subfield code="y">06</subfield>
  </datafield>
  <datafield tag="952" ind1=" " ind2=" ">
    <subfield code="0">0</subfield>
    <subfield code="1">0</subfield>
    <subfield code="2">ddc</subfield>
    <subfield code="4">0</subfield>
    <subfield code="7">0</subfield>
    <subfield code="a">01</subfield>
    <subfield code="b">01</subfield>
    <subfield code="d">2024-04-30</subfield>
    <subfield code="e">ARISTA</subfield>
    <subfield code="f">BIOTECH</subfield>
    <subfield code="g">905.00</subfield>
    <subfield code="i">HO/IN/17,,25-04-2024</subfield>
    <subfield code="l">1</subfield>
    <subfield code="p">01-B-141645</subfield>
    <subfield code="r">2024-05-13</subfield>
    <subfield code="s">2024-05-07</subfield>
    <subfield code="u">Biotechnology</subfield>
    <subfield code="w">2024-04-30</subfield>
    <subfield code="y">02</subfield>
  </datafield>
  <datafield tag="952" ind1=" " ind2=" ">
    <subfield code="0">0</subfield>
    <subfield code="1">0</subfield>
    <subfield code="2">ddc</subfield>
    <subfield code="4">0</subfield>
    <subfield code="7">0</subfield>
    <subfield code="a">01</subfield>
    <subfield code="b">01</subfield>
    <subfield code="d">2024-04-30</subfield>
    <subfield code="e">ARISTA</subfield>
    <subfield code="f">BIOTECH</subfield>
    <subfield code="g">905.00</subfield>
    <subfield code="i">HO/IN/17,,25-04-2024</subfield>
    <subfield code="l">2</subfield>
    <subfield code="p">01-B-141646</subfield>
    <subfield code="r">2025-06-23</subfield>
    <subfield code="s">2025-04-16</subfield>
    <subfield code="u">Biotechnology</subfield>
    <subfield code="w">2024-04-30</subfield>
    <subfield code="y">02</subfield>
  </datafield>
  <datafield tag="952" ind1=" " ind2=" ">
    <subfield code="0">0</subfield>
    <subfield code="1">0</subfield>
    <subfield code="2">ddc</subfield>
    <subfield code="4">0</subfield>
    <subfield code="7">0</subfield>
    <subfield code="a">01</subfield>
    <subfield code="b">01</subfield>
    <subfield code="d">2024-04-30</subfield>
    <subfield code="e">ARISTA</subfield>
    <subfield code="f">BIOTECH</subfield>
    <subfield code="g">905.00</subfield>
    <subfield code="i">HO/IN/17,,25-04-2024</subfield>
    <subfield code="l">2</subfield>
    <subfield code="p">01-B-141647</subfield>
    <subfield code="q">2026-07-31</subfield>
    <subfield code="r">2026-03-05</subfield>
    <subfield code="s">2026-03-05</subfield>
    <subfield code="u">Biotechnology</subfield>
    <subfield code="w">2024-04-30</subfield>
    <subfield code="y">02</subfield>
  </datafield>
</record>
